000 00312nam a2200133Ia 4500
008 230917s9999||||xx |||||||||||||| ||und||
040 _e49707
_aMAIN
041 _aEnglish
082 _a320.954 M687L
100 _aMishra, D P
245 0 _aLiving an era. 2V
260 _aNew Delhi
_bVikas
_c1978
942 _cBK
999 _c141240
_d141240